000 00634cam a22002411 4500
001 sa 64007437
003 DLC
005 20260227112046.0
008 890725s1963 ii 000 0 malo
010 _asa 64007437
035 _a(OCoLC)20069547
040 _aDLC
_cWaU
_dDLC
042 _apremarc
043 _aa-ii---
050 0 0 _aPK2903
_b.D27
100 1 _aDamodaran, K.,
_d1912-1976.
245 1 0 _aSāhityanirūpaṇaṃ.
260 _c[1963]
300 _a164 p.
_c18 cm.
500 _aIn Malayalam.
650 0 _aSanskrit literature
_xHistory and criticism.
650 0 _aMalayalam literature
_xHistory and criticism.
999 _c60257
_d60257